| 000 | 00419nam a22001697a 4500 | ||
|---|---|---|---|
| 999 |
_c2166 _d2165 |
||
| 005 | 20210809110844.0 | ||
| 008 | 160530b xxu||||| |||| 00| 0 eng d | ||
| 020 | _a0-07-043953-2 | ||
| 041 | _aeng | ||
| 082 |
_b6072 _a658.827 |
||
| 100 |
_aMoon, Michael _91535 |
||
| 245 | _aFIREBR@NDS BUILDING BRANDS LOYALTY IN THE INTERNET AGE | ||
| 260 |
_bTMH _c2001 |
||
| 300 | _a305 | ||
| 650 |
_aManagement _9241 |
||
| 942 | _cBK | ||